000 00753nam a2200265Ia 4500
003 OSt
005 20220918165936.0
006 a|||||r|||| 00| 0
007 ta
008 220917b |||||||| |||| 00| 0 eng d
020 _a8185107130
024 _a249,966
037 _cTextual
040 _aARTS
_cARTS
_beng
041 _2eng
_aeng
082 _aY15v2.N9, N3
100 _aKumar Radha
_926273
245 0 _aHistory of doing
_b An illustrated account of movements for women's rights and feminism in India 1800-1990
260 _aNew Delhi
_bKali for Women India
_c1993
300 _a203p.
_ccm.
490 _aFYUP
650 _aSOCIOLOGY
942 _hY15v2.N9, N3
_cTEXL
_2CC
999 _c131857
_d131857